Cens de premsa comarcal : 1982 1982
Descripción Física:
[239] f. ; 30 cm
Materias:
Premsa comarcal -- Catalunya -- 1982
MARC
| LEADER | 00000nam a2200000Ia 4500 | ||
|---|---|---|---|
| 001 | 8881 | ||
| 008 | 160829s9999 xx 000 0 cat d | ||
| 080 | |a O-1-1 | ||
| 245 | |a Cens de premsa comarcal : |b 1982 | ||
| 260 | |a Barcelona : |b Diputació de Barcelona. Servei de Premsa, [1982] | ||
| 300 | |a [239] f. ; |c 30 cm | ||
| 590 | |a Prové de S-741 | ||
| 650 | |a Premsa comarcal |x Catalunya |x 1982 |9 47183 | ||
| 710 | 1 | |a Barcelona (Catalunya : Província). |b Servei de Premsa |9 54967 | |
| 901 | |a Arxiu | ||
| 942 | |n 1 | ||
| 952 | |0 0 |1 0 |4 0 |6 O11 |7 1 |9 53734 |a Arxiu |b Arxiu |d 2016-12-01 |l 0 |o O-1-1 |p 8881 |r 2016-12-01 00:00:00 |w 2016-12-01 |y ARXIU | ||
| 999 | |c 57600 |d 57600 | ||